[Event "Mittelfrankenliga-B2a 0708"]
[Site "Mittelfranken"]
[Date "2008.01.27"]
[Round "5.3"]
[White "Radeck, Jochen"]
[Black "Walther, Reinhard"]
[Result "1/2-1/2"]
[WhiteElo "1844"]
[BlackElo "1887"]
[PlyCount "143"]
[EventDate "2007.10.14"]
[EventType "team-tourn"]
[EventRounds "9"]
[EventCountry "GER"]
[SourceTitle "EXT 2011"]
[Source "ChessBase"]
[SourceDate "2010.11.26"]
[SourceVersion "1"]
[SourceVersionDate "2010.11.26"]
[SourceQuality "1"]
[WhiteTeam "Forchheim III"]
[BlackTeam "Herzogenaurach"]
[WhiteTeamCountry "GER"]
[BlackTeamCountry "GER"]

1. e4 d6 2. d4 Nf6 3. Nc3 g6 4. f4 Bg7 5. Nf3 c5 6. dxc5 Qa5 7. Bd3 Qxc5 8. Qe2 Bg4 9. Be3 Qc8 10. h3 Bd7 11. Qf2 Nc6 12. 0-0 0-0 13. e5 Ne8 14. Rae1 dxe5 15. Nxe5 Nxe5 16. fxe5 Be6 17. Bxa7 Nc7 18. a3 Nd5 19. Nxd5 Bxd5 20. Bd4 Qc6 21. Re2 Ra4 22. c3 Qe6 23. Qe3 h5 24. Ref2 Ra5 25. Re1 Rc8 26. Qg5 Rf8 27. Re3 Bc6 28. g4 hxg4 29. hxg4 Qa2 30. Qxe7 Qa1+ 31. Bf1 Qd1 32. Qh4 Re8 33. Rfe2 Rd5 34. Qe1 Rxd4 35. cxd4 Qxd4 36. Qf2 Qxg4+ 37. Rg3 Qh5 38. Bg2 Bb5 39. Bf3 Qf5 40. Bg4 Qxf2+ 41. Rxf2 Rxe5 42. Kg2 Re7 43. Rb3 Ba6 44. Bf3 Bd4 45. Rd2 Be5 46. Rb6 f6 47. b4 Kg7 48. a4 Bc7 49. Rxb7 Bxb7 50. Bxb7 Bf4 51. Rf2 Be3 52. Re2 Rxb7 53. Rxe3 Rxb4 54. Ra3 Rb6 55. a5 Ra6 56. Kf3 Kf7 57. Kf4 Ke6 58. Ke4 Kd6 59. Kd4 Kc6 60. Kc4 Ra7 61. Rf3 Rf7 62. Re3 Rd7 63. Re6+ Rd6 64. Re7 g5 65. a6 Kb6 66. a7 Rd8 67. Rf7 Re8 68. Rxf6+ Kxa7 69. Rg6 Re5 70. Kd4 Ra5 71. Ke4 Kb7 72. Kf3 1/2-1/2

[Event "Landesliga Nord 0506"]
[Site "Bayern"]
[Date "2006.04.02"]
[Round "9.6"]
[White "Siegert, Wolfgang"]
[Black "Radeck, Jochen"]
[Result "1/2-1/2"]
[WhiteElo "1971"]
[BlackElo "1888"]
[PlyCount "20"]
[EventDate "2005.10.23"]
[EventType "team-tourn"]
[EventRounds "9"]
[EventCountry "GER"]
[SourceTitle "EXT 2007"]
[Source "ChessBase"]
[SourceDate "2006.11.23"]
[SourceVersion "1"]
[SourceVersionDate "2006.11.23"]
[SourceQuality "1"]

1. d4 Nf6 2. Bf4 g6 3. h3 Bg7 4. Nf3 d6 5. e3 0-0 6. Be2 Nbd7 7. 0-0 Re8 8. c4 c6 9. Nc3 e5 10. Bh2 e4 1/2-1/2

[Event "Mittelfrankenliga-B2a 0506"]
[Site "Germany"]
[Date "2006.03.19"]
[Round "7.4"]
[White "Radeck, Jochen"]
[Black "Weidenhoefer, Martin"]
[Result "1-0"]
[WhiteElo "1891"]
[BlackElo "1910"]
[PlyCount "75"]
[EventDate "2005.10.16"]
[EventType "team-tourn"]
[EventRounds "9"]
[EventCountry "GER"]
[SourceTitle "EXT 2007"]
[Source "ChessBase"]
[SourceDate "2006.11.23"]
[SourceVersion "1"]
[SourceVersionDate "2006.11.23"]
[SourceQuality "1"]

1. Nf3 Nf6 2. c4 g6 3. g3 Bg7 4. Bg2 0-0 5. 0-0 c5 6. Nc3 Nc6 7. e3 d6 8. d4 Bg4 9. h3 Bf5 10. d5 Na5 11. Qe2 Ne4 12. Nxe4 Bxe4 13. Ng5 Bxg2 14. Kxg2 h6 15. Nf3 Qb6 16. Rb1 Qa6 17. b3 Rab8 18. Bb2 b5 19. Bxg7 Kxg7 20. cxb5 Qxb5 21. Qxb5 Rxb5 22. Rbc1 Rfb8 23. Nd2 Rb4 24. Rc2 Kf6 25. f4 e6 26. dxe6 fxe6 27. Kf3 Nb7 28. Ne4+ Ke7 29. Rd1 a5 30. Nxd6 Nxd6 31. Rxc5 Nb5 32. a4 Nd6 33. Rc7+ Kd8 34. Rc6 Rxb3 35. Rdxd6+ Ke7 36. Rxe6+ Kf7 37. Rf6+ Ke7 38. Rxg6 1-0

[Event "Landesliga Nord 0506"]
[Site "Bayern"]
[Date "2005.11.27"]
[Round "3.8"]
[White "Radeck, Jochen"]
[Black "Ammon, Tobias"]
[Result "1/2-1/2"]
[WhiteElo "1891"]
[BlackElo "1735"]
[PlyCount "135"]
[EventDate "2005.10.23"]
[EventType "team-tourn"]
[EventRounds "9"]
[EventCountry "GER"]
[SourceTitle "EXT 2007"]
[Source "ChessBase"]
[SourceDate "2006.11.23"]
[SourceVersion "1"]
[SourceVersionDate "2006.11.23"]
[SourceQuality "1"]

1. e4 Nf6 2. Nc3 d5 3. exd5 Nxd5 4. Bc4 Nb6 5. Bb3 Nc6 6. Qf3 e6 7. Nge2 Bd6 8. Ne4 0-0 9. Nxd6 Qxd6 10. d3 Na5 11. 0-0 e5 12. Re1 Nxb3 13. axb3 Bd7 14. Nc3 Bc6 15. Qg3 Rfe8 16. Be3 Nd5 17. Nxd5 Bxd5 18. f4 exf4 19. Bxf4 Qc5+ 20. Qf2 Qxf2+ 21. Kxf2 Be6 22. Re4 c6 23. g3 a6 24. Rb4 Re7 25. Re1 Rd7 26. Be3 Re8 27. Re4 Rd5 28. Bf4 Rh5 29. h4 Rc5 30. R1e2 Rd5 31. Rb4 Rd7 32. Rbe4 Rdd8 33. Bc7 Rc8 34. Bb6 Bd7 35. Rxe8+ Rxe8 36. Rxe8+ Bxe8 37. Ke3 f6 38. Kd4 Kf7 39. Kc5 Ke6 40. Bc7 Kd7 41. Bf4 Bh5 42. b4 Bd1 43. c3 Bc2 44. d4 Bb3 45. Kb6 Kc8 46. Bd6 g6 47. Be7 f5 48. Bg5 Ba2 49. Bf4 Bb3 50. Kc5 Kd7 51. Bb8 Ba2 52. Ba7 Bb3 53. c4 Ba2 54. d5 cxd5 55. cxd5 Bb3 56. Kd4 h5 57. Bc5 f4 58. gxf4 Bc2 59. Ke5 Bb1 60. Bb6 Bc2 61. Kd4 Bb1 62. Kc5 Be4 63. Kd4 Bb1 64. Ke5 Bc2 65. Bc5 Bb1 66. d6 Bc2 67. Kf6 Bb1 68. Kf7 1/2-1/2

[Event "Landesliga Nord 0304"]
[Site "Bayern"]
[Date "2003.11.02"]
[Round "2.8"]
[White "Wilfert, Andre"]
[Black "Radeck, Jochen"]
[Result "0-1"]
[WhiteElo "1977"]
[BlackElo "1848"]
[PlyCount "52"]
[EventDate "2003.10.??"]
[EventType "team-tourn"]
[EventRounds "9"]
[EventCountry "GER"]
[SourceTitle "EXT 2006"]
[Source "ChessBase"]
[SourceDate "2005.11.24"]
[SourceVersion "1"]
[SourceVersionDate "2005.11.24"]
[SourceQuality "1"]
[WhiteTeam "Marktleuthen"]
[BlackTeam "Forchheim II"]
[WhiteTeamCountry "GER"]
[BlackTeamCountry "GER"]

1. e4 a6 2. d4 b5 3. c4 Bb7 4. d5 c6 5. Nf3 bxc4 6. Bxc4 cxd5 7. Bxd5 Bxd5 8. Qxd5 Nc6 9. e5 e6 10. Qe4 d5 11. exd6 Qxd6 12. 0-0 Nf6 13. Qa4 Nd7 14. Bf4 Nc5 15. Qc4 Qd3 16. Qc1 Be7 17. Rd1 Qf5 18. Na3 0-0 19. Qe3 Nb4 20. Bd6 Bxd6 21. Rxd6 Rfd8 22. Rad1 Rxd6 23. Rxd6 h6 24. Ne5 Ne4 25. Nac4 Nxd6 26. Nxd6 Qb1+ 0-1